[Event "Cholet-F"]
[Site "Cholet"]
[Date "2012.02.22"]
[Round "5"]
[White "Hocher, Eugene"]
[Black "Bousseffa, Sadok"]
[Result "1-0"]
[WhiteElo "1755"]
[BlackElo "1667"]
[PlyCount "65"]
[EventDate "2012.02.18"]
[EventType "tourn"]
[EventRounds "7"]
[EventCountry "FRA"]
[SourceTitle "EXT 2013"]
[Source "ChessBase"]
[SourceDate "2012.11.22"]
[SourceVersion "1"]
[SourceVersionDate "2012.11.22"]
[SourceQuality "1"]

1. d4 Nf6 2. Nf3 g6 3. c4 Bg7 4. Nc3 d5 5. e3 0-0 6. Qb3 e6 7. Be2 c6 8. 0-0 Nbd7 9. Re1 Qc7 10. h3 Qb6 11. Qc2 a5 12. Bd2 Re8 13. Rac1 h6 14. cxd5 exd5 15. Na4 Qc7 16. Red1 Nb6 17. Bd3 Nxa4 18. Qxa4 Qb6 19. b4 Bd7 20. bxa5 Qc7 21. Ne5 Bc8 22. Rb1 Nd7 23. Nxd7 Bxd7 24. Rb2 Red8 25. Qb3 Rdb8 26. Rdb1 Qc8 27. Bb4 Bf8 28. Be1 Bd6 29. Qc2 Bc7 30. Bb4 Kg7 31. Qe2 Be6 32. Qf3 Bxa5 33. Bd6 1-0